[Event "St Petersburg Korchnoi Memorial op"]
[Site "St Petersburg"]
[Date "2018.08.23"]
[Round "9"]
[White "Kovaleva, Ekaterina"]
[Black "Novitckii, Andrei"]
[Result "1/2-1/2"]
[WhiteElo "1889"]
[BlackElo "1671"]
[PlyCount "81"]
[EventDate "2018.08.15"]
[EventType "swiss"]
[EventRounds "9"]
[EventCountry "RUS"]
[SourceTitle "CBM 186 Extra"]
[Source "ChessBase"]
[SourceDate "2018.08.24"]
[SourceVersion "1"]
[SourceVersionDate "2018.08.24"]
[SourceQuality "1"]

1. e4 c5 2. d4 cxd4 3. c3 d3 4. Bxd3 Nc6 5. Nf3 Qc7 6. 0-0 Nf6 7. Re1 d6 8. h3 g6 9. Bf4 e5 10. Bg5 Bg7 11. c4 h6 12. Be3 0-0 13. Nc3 a6 14. Rc1 Nd7 15. Qd2 Kh7 16. Bf1 f5 17. exf5 gxf5 18. Nh4 Ne7 19. Bd3 Nf6 20. f3 Qd8 21. Qc2 Kh8 22. Nxf5 Nxf5 23. Bxf5 Bxf5 24. Qxf5 Nd5 25. Qd3 Nxc3 26. Qxc3 d5 27. cxd5 Qxd5 28. Red1 Qxa2 29. Rd7 Rf7 30. Rcd1 Qe6 31. Qc7 Rxd7 32. Rxd7 Rg8 33. Qxb7 Qg6 34. Qe4 Qxe4 35. fxe4 Rb8 36. Rd6 Kh7 37. Rxa6 Rxb2 38. Ra4 Rb5 39. Rc4 Ra5 40. Rb4 Ra3 41. Bf2 1/2-1/2

[Event "St Petersburg Korchnoi Memorial op"]
[Site "St Petersburg"]
[Date "2018.08.18"]
[Round "4"]
[White "Novitckii, Andrei"]
[Black "Strelkov, Sergey"]
[Result "0-1"]
[WhiteElo "1671"]
[BlackElo "1201"]
[PlyCount "62"]
[EventDate "2018.08.15"]
[EventType "swiss"]
[EventRounds "9"]
[EventCountry "RUS"]
[SourceTitle "CBM 186 Extra"]
[Source "ChessBase"]
[SourceDate "2018.08.24"]
[SourceVersion "1"]
[SourceVersionDate "2018.08.24"]
[SourceQuality "1"]

1. d4 Nf6 2. Nf3 g6 3. c4 Bg7 4. Nc3 d6 5. e4 0-0 6. Be2 Nbd7 7. 0-0 e5 8. d5 Nc5 9. Bg5 a5 10. Nd2 Bd7 11. Nb3 b6 12. Nxc5 bxc5 13. Qd2 Qb8 14. f3 Nh5 15. Rfb1 f5 16. Be3 fxe4 17. fxe4 Nf4 18. Bd1 Rf7 19. Ba4 Bxa4 20. Nxa4 Qb4 21. Qc2 Rb8 22. g3 Ne2+ 23. Qxe2 Qxa4 24. b3 Qd7 25. Bd2 a4 26. b4 cxb4 27. Rxb4 Rbf8 28. Be3 Rf3 29. Kg2 Qg4 30. Rb2 Qxe4 31. Kg1 Qxe3+ 0-1

[Event "St Petersburg Korchnoi Memorial op"]
[Site "St Petersburg"]
[Date "2018.08.17"]
[Round "3"]
[White "Novitckii, Andrei"]
[Black "Pryalukhin, Danila"]
[Result "0-1"]
[WhiteElo "1671"]
[BlackElo "2045"]
[PlyCount "58"]
[EventDate "2018.08.15"]
[EventType "swiss"]
[EventRounds "9"]
[EventCountry "RUS"]
[SourceTitle "CBM 186 Extra"]
[Source "ChessBase"]
[SourceDate "2018.08.24"]
[SourceVersion "1"]
[SourceVersionDate "2018.08.24"]
[SourceQuality "1"]

1. d4 Nf6 2. Nf3 e6 3. e3 c5 4. Nbd2 b6 5. Bd3 Bb7 6. b3 Be7 7. Bb2 0-0 8. 0-0 d6 9. c4 Nbd7 10. Rc1 Rc8 11. Re1 Qc7 12. Bb1 Qb8 13. e4 cxd4 14. Nxd4 Rfe8 15. f4 Bf8 16. N2f3 e5 17. fxe5 dxe5 18. Nb5 Bc6 19. Nc3 Bc5+ 20. Kf1 Ng4 21. Qd3 Red8 22. h3 Ndf6 23. Nd5 Nh5 24. Ng5 Nh2+ 25. Ke2 Bxd5 26. Rf1 Nxf1 27. Rxf1 Be6 28. Qf3 Nf4+ 29. Ke1 Qd6 0-1

[Event "Chigorin Memorial 25th"]
[Site "St Petersburg"]
[Date "2017.10.29"]
[Round "9"]
[White "Runets, Ivan"]
[Black "Novitckii, Andrei"]
[Result "1-0"]
[WhiteElo "1945"]
[BlackElo "1688"]
[PlyCount "55"]
[EventDate "2017.10.21"]
[EventType "swiss"]
[EventRounds "9"]
[EventCountry "RUS"]
[SourceTitle "CBM 181 Extra"]
[Source "ChessBase"]
[SourceDate "2017.12.12"]
[SourceVersion "1"]
[SourceVersionDate "2017.12.12"]
[SourceQuality "1"]

1. d4 d5 2. Nf3 Nf6 3. Bf4 e6 4. e3 Bd6 5. Ne5 c6 6. Bd3 Qc7 7. Bg3 Nbd7 8. f4 c5 9. c3 c4 10. Bc2 b5 11. a3 Bb7 12. Nd2 a5 13. 0-0 0-0 14. Qf3 b4 15. Bh4 Rfb8 16. g4 bxc3 17. bxc3 Be7 18. g5 Ne8 19. Bxh7+ Kf8 20. Qh5 g6 21. Bxg6 Bf6 22. gxf6 Ndxf6 23. Qh8+ Ke7 24. Bxf7 Bc6 25. Bxe8 Rxe8 26. Qg7+ Kd6 27. Ndxc4+ dxc4 28. Nxc4+ 1-0

[Event "Chigorin Memorial 25th"]
[Site "St Petersburg"]
[Date "2017.10.22"]
[Round "2"]
[White "Novitckii, Andrei"]
[Black "Golovkina, Anastasia"]
[Result "0-1"]
[WhiteElo "1688"]
[BlackElo "2035"]
[PlyCount "110"]
[EventDate "2017.10.21"]
[EventType "swiss"]
[EventRounds "9"]
[EventCountry "RUS"]
[SourceTitle "CBM 181 Extra"]
[Source "ChessBase"]
[SourceDate "2017.12.12"]
[SourceVersion "1"]
[SourceVersionDate "2017.12.12"]
[SourceQuality "1"]

1. d4 d5 2. e3 Nf6 3. Bd3 e6 4. Nd2 Be7 5. Ngf3 c5 6. b3 0-0 7. 0-0 Nc6 8. Bb2 b6 9. Ne5 Bb7 10. a3 a6 11. Ndf3 b5 12. Nxc6 Bxc6 13. Ne5 Bb7 14. Be2 Qb6 15. Rb1 c4 16. b4 Qc7 17. c3 a5 18. Qc2 Bd6 19. f4 Ne4 20. Bf3 f6 21. Ng4 Be7 22. Ra1 Bc6 23. Rfb1 Nd6 24. Bc1 Be8 25. Bd2 Bg6 26. Qb2 Bxb1 27. Qxb1 axb4 28. axb4 Qb7 29. Nf2 Rxa1 30. Qxa1 Ra8 31. Qb1 Qa6 32. Kf1 Qa2 33. Qxa2 Rxa2 34. Ke2 Nf5 35. g4 Nh4 36. Bh1 Bxb4 37. Nd1 Ba3 38. Ke1 Ng6 39. f5 Ne7 40. fxe6 Bd6 41. h3 Bg3+ 42. Ke2 Ra6 43. e4 Rxe6 44. Kf3 Bc7 45. exd5 Nxd5 46. Ne3 Nxe3 47. Bxe3 Ba5 48. Kf4 g5+ 49. Kf3 Bxc3 50. d5 Re5 51. Kf2 Be1+ 52. Ke2 Bb4 53. Kf2 c3 54. Bd4 c2 55. Bb2 Re1 0-1

[Event "Chigorin Memorial 25th"]
[Site "St Petersburg"]
[Date "2017.10.21"]
[Round "1"]
[White "Doshi, Moksh Amitbhai"]
[Black "Novitckii, Andrei"]
[Result "1-0"]
[WhiteElo "2222"]
[BlackElo "1688"]
[PlyCount "53"]
[EventDate "2017.10.21"]
[EventType "swiss"]
[EventRounds "9"]
[EventCountry "RUS"]
[SourceTitle "CBM 181 Extra"]
[Source "ChessBase"]
[SourceDate "2017.12.12"]
[SourceVersion "1"]
[SourceVersionDate "2017.12.12"]
[SourceQuality "1"]

1. Nf3 c5 2. e4 e6 3. d4 cxd4 4. Nxd4 a6 5. Bd3 Qc7 6. 0-0 Nf6 7. Qe2 d6 8. c4 Be7 9. b3 Nbd7 10. Bb2 0-0 11. f4 e5 12. Nf5 Nc5 13. Nxe7+ Qxe7 14. Bc2 Re8 15. Nc3 Ne6 16. fxe5 Nd4 17. Qf2 dxe5 18. Bd3 Ne6 19. Nd5 Nxd5 20. exd5 Nf4 21. Bc2 Bh3 22. Rae1 Qc7 23. Bxe5 Rxe5 24. Qxf4 Qc5+ 25. Kh1 Rxe1 26. Qxf7+ Kh8 27. Rxe1 1-0

[Event "St Petersburg Summer op"]
[Site "St Petersburg"]
[Date "2017.08.16"]
[Round "1"]
[White "Novitckii, Andrei"]
[Black "Lysenko, Margarita"]
[Result "0-1"]
[WhiteElo "1647"]
[BlackElo "2126"]
[PlyCount "54"]
[EventDate "2017.08.16"]
[EventType "swiss"]
[EventRounds "9"]
[EventCountry "RUS"]
[SourceTitle "CBM 180 Extra"]
[Source "ChessBase"]
[SourceDate "2017.10.06"]
[SourceVersion "1"]
[SourceVersionDate "2017.10.06"]
[SourceQuality "1"]

1. d4 d5 2. Nf3 Nf6 3. e3 g6 4. Bd3 Bg7 5. Nbd2 0-0 6. 0-0 Bf5 7. Qe2 Ne4 8. Ne1 c5 9. c3 Qc8 10. f3 Nxd2 11. Bxd2 Be6 12. b3 Nd7 13. Rc1 Qd8 14. Qf2 Qb6 15. g4 f5 16. g5 f4 17. dxc5 Nxc5 18. Bb1 Bh3 19. Ng2 Ne6 20. exf4 Qd6 21. Rfd1 Bxg2 22. Qxg2 Nxf4 23. Bxf4 Rxf4 24. Kh1 Qc5 25. Bd3 Raf8 26. c4 Rxf3 27. cxd5 Rxd3 0-1